'D' Celebrity Images Quiz Stats

 Plays Quiz Updated May 9, 2013

Challenge
Share
Tweet
Score 0/20 Timer 05:00
5 Plays Today
% Correct
Leonardo DiCaprio
94.3%
Cameron Diaz
90.7%
Ellen Degeneres
88.9%
Danny DeVito
83.1%
Céline Dion
80.7%
Robert Downey, Jr.
76.7%
James Dean
73.3%
Bob Dylan
66.7%
Joe Dimaggio
61.2%
Ted Danson
58.5%
% Correct
Rodney Dangerfield
54.1%
Mike Ditka
49.9%
Walt Disney
49.8%
Bo Derek
48.2%
Fran Drescher
47.2%
Bette Davis
41.9%
Doris Day
40.8%
Tyne Daly
27.4%
Eliza Dushku
26.9%
Sam Donaldson
23%

You're not logged in!

Compare scores with friends on all Sporcle quizzes.
Join for Free
OR
Log In

You Might Also Like...

Show Comments

Extras

Top Quizzes Today


Score Distribution

Your Account Isn't Verified!

In order to create a playlist on Sporcle, you need to verify the email address you used during registration. Go to your Sporcle Settings to finish the process.

Report this User

Report this user for behavior that violates our Community Guidelines.

Details: